| 000 | 00519nam a22001577a 4500 | ||
|---|---|---|---|
| 003 | NUST | ||
| 038 | _aNusrat Nadeem | ||
| 082 | _a200 | ||
| 100 |
_aMalik, Shanza _9133090 |
||
| 245 |
_aA Multidimensional Extension to CVSS for Real World Vulnerability Impact Evaluation/ _cShanza Malik, |
||
| 264 |
_aIslamabad: _bSEECS NUST. _c2025. |
||
| 650 |
_aMS- Information Security _927215 |
||
| 700 |
_aSupervisor: Dr. Hasan Tahir _996713 |
||
| 856 | _uhttp://10.250.8.41:8080/xmlui/handle/123456789/57127 | ||
| 942 |
_2ddc _cSC |
||
| 999 |
_c616084 _d616084 |
||